[Event "DEM U16w 2021"]
[Site "Willingen GER"]
[Date "2021.08.25"]
[Round "4"]
[White "Hafermann, Lara"]
[Black "Wagner, Margarethe"]
[Result "0-1"]
[Termination "normal"]
[Board "7"]
[WhiteElo "1349"]
[BlackElo "1832"]
[WhiteClock "00:30:10"]
[BlackClock "00:33:04"]
[PlyCount "84"]
[WhiteFideId "16298306"]
[BlackFideId "16236947"]
[EventCountry "GER"]
[EventRounds "9"]
[EventType "swiss"]
[EventDate "2021.08.22"]

1. d4 {[%clk 1:30:56]} d5 {[%clk 1:30:51]} 2. Nf3 {[%clk 1:31:11]} Nf6 {[%clk
1:31:06]} 3. e3 {[%clk 1:31:29]} e6 {[%clk 1:30:34]} 4. Bd3 {[%clk 1:31:38]}
Bd6 {[%clk 1:26:05]} 5. O-O {[%clk 1:31:31]} O-O {[%clk 1:25:32]} 6. Nbd2
{[%clk 1:31:44]} b6 {[%clk 1:23:05]} 7. b3 {[%clk 1:29:08]} Bb7 {[%clk
1:21:15]} 8. Ne5 {[%clk 1:24:55]} c5 {[%clk 1:15:50]} 9. Bb2 {[%clk 1:18:37]}
Qc7 {[%clk 1:13:22]} 10. h3 {[%clk 1:13:40]} Nbd7 {[%clk 1:03:34]} 11. Ndf3
{[%clk 0:59:36]} Ne4 {[%clk 0:51:23]} 12. c4 {[%clk 0:47:24]} Rad8 {[%clk
0:43:19]} 13. Qc2 {[%clk 0:44:49]} f6 {[%clk 0:32:22]} 14. Nxd7 {[%clk
0:43:07]} Rxd7 {[%clk 0:30:49]} 15. cxd5 {[%clk 0:39:09]} exd5 {[%clk 0:30:12]}
16. Rac1 {[%clk 0:33:50]} Re7 {[%clk 0:23:33]} 17. Nh4 {[%clk 0:26:05]} g6
{[%clk 0:19:55]} 18. Qe2 {[%clk 0:22:32]} Qb8 {[%clk 0:18:28]} 19. Qg4 {[%clk
0:16:19]} Bc8 {[%clk 0:17:38]} 20. Qe2 {[%clk 0:14:48]} Qb7 {[%clk 0:16:32]}
21. Nf3 {[%clk 0:13:03]} Bd7 {[%clk 0:14:15]} 22. Nd2 {[%clk 0:10:56]} Ng5
{[%clk 0:11:25]} 23. h4 {[%clk 0:08:43]} Ne6 {[%clk 0:10:52]} 24. Qf3 {[%clk
0:07:46]} cxd4 {[%clk 0:09:58]} 25. exd4 {[%clk 0:06:57]} b5 {[%clk 0:07:58]}
26. Rfe1 {[%clk 0:04:21]} a6 {[%clk 0:07:59]} 27. g4 {[%clk 0:02:32]} Kg7
{[%clk 0:07:27]} 28. Nf1 {[%clk 0:02:22]} Rfe8 {[%clk 0:07:10]} 29. Bb1 {[%clk
0:01:31]} Nf4 {[%clk 0:05:55]} 30. Rxe7+ {[%clk 0:01:22]} Rxe7 {[%clk 0:06:19]}
31. Ne3 {[%clk 0:01:46]} a5 {[%clk 0:04:19]} 32. Rc2 {[%clk 0:01:53]} a4 {[%clk
0:03:53]} 33. bxa4 {[%clk 0:01:58]} bxa4 {[%clk 0:04:13]} 34. Qd1 {[%clk
0:01:28]} a3 {[%clk 0:03:33]} 35. Ba1 {[%clk 0:01:54]} Ba4 {[%clk 0:03:43]} 36.
Qc1 {[%clk 0:01:45]} Bxc2 {[%clk 0:03:14]} 37. Qxc2 {[%clk 0:02:10]} Rc7 {[%clk
0:03:35]} 38. Qd1 {[%clk 0:00:58]} Qb5 {[%clk 0:03:00]} 39. Kh1 {[%clk
0:00:39]} Qe2 {[%clk 0:02:24]} 40. Qxe2 {[%clk 0:00:33]} Nxe2 {[%clk 0:02:47]}
41. Bd3 {[%clk 0:00:32]} Rc1+ {[%clk 0:02:44]} 42. Kg2 {[%clk 0:30:10]} Nf4+
{[%clk 0:33:04]} 0-1

[Event "DEM U16w 2021"]
[Site "Willingen GER"]
[Date "2021.08.25"]
[Round "4"]
[White "Kalina, Lena"]
[Black "Zöllner, Bente"]
[Result "1/2-1/2"]
[Termination "normal"]
[Board "8"]
[WhiteElo "1605"]
[BlackElo "1620"]
[WhiteClock "00:00:33"]
[BlackClock "00:01:00"]
[PlyCount "128"]
[WhiteFideId "12988014"]
[BlackFideId "16230523"]
[EventCountry "GER"]
[EventRounds "9"]
[EventType "swiss"]
[EventDate "2021.08.22"]

1. d4 {[%clk 1:30:57]} Nf6 {[%clk 1:30:51]} 2. c4 {[%clk 1:31:21]} c5 {[%clk
1:31:09]} 3. Nf3 {[%clk 1:31:42]} g6 {[%clk 1:30:35]} 4. Nc3 {[%clk 1:30:53]}
Bg7 {[%clk 1:28:33]} 5. g3 {[%clk 1:29:40]} O-O {[%clk 1:25:57]} 6. Bg2 {[%clk
1:27:52]} Nc6 {[%clk 1:23:16]} 7. O-O {[%clk 1:23:39]} d6 {[%clk 1:16:41]} 8.
h3 {[%clk 1:18:24]} Bd7 {[%clk 1:12:48]} 9. Be3 {[%clk 1:16:32]} cxd4 {[%clk
1:10:27]} 10. Nxd4 {[%clk 1:15:00]} Rb8 {[%clk 1:07:39]} 11. b3 {[%clk
1:03:21]} a6 {[%clk 1:04:18]} 12. Rc1 {[%clk 0:58:58]} Qa5 {[%clk 0:53:30]} 13.
Nxc6 {[%clk 0:43:54]} Bxc6 {[%clk 0:52:18]} 14. Qd2 {[%clk 0:41:43]} Rfe8
{[%clk 0:40:26]} 15. Rfd1 {[%clk 0:38:27]} Bxg2 {[%clk 0:39:01]} 16. Kxg2
{[%clk 0:38:45]} b5 {[%clk 0:38:48]} 17. Nd5 {[%clk 0:30:40]} Qxd2 {[%clk
0:37:38]} 18. Nxf6+ {[%clk 0:29:44]} Bxf6 {[%clk 0:36:28]} 19. Rxd2 {[%clk
0:30:03]} Rec8 {[%clk 0:32:15]} 20. Rdc2 {[%clk 0:28:18]} Kf8 {[%clk 0:28:11]}
21. Kf3 {[%clk 0:26:06]} Ke8 {[%clk 0:27:16]} 22. Ke4 {[%clk 0:24:28]} Kd7
{[%clk 0:24:34]} 23. f4 {[%clk 0:21:05]} h5 {[%clk 0:21:03]} 24. Bd4 {[%clk
0:16:31]} Bxd4 {[%clk 0:17:55]} 25. Kxd4 {[%clk 0:16:55]} bxc4 {[%clk 0:16:33]}
26. Rxc4 {[%clk 0:15:51]} Rxc4+ {[%clk 0:15:13]} 27. Rxc4 {[%clk 0:16:08]} Rb5
{[%clk 0:15:00]} 28. Ra4 {[%clk 0:12:11]} a5 {[%clk 0:13:49]} 29. Rc4 {[%clk
0:10:44]} e5+ {[%clk 0:11:02]} 30. fxe5 {[%clk 0:06:36]} dxe5+ {[%clk 0:09:15]}
31. Ke3 {[%clk 0:06:33]} Kd6 {[%clk 0:08:02]} 32. Kf3 {[%clk 0:05:45]} f5
{[%clk 0:06:55]} 33. Rc8 {[%clk 0:04:03]} Ke6 {[%clk 0:05:21]} 34. Rc6+ {[%clk
0:04:19]} Kf7 {[%clk 0:04:47]} 35. h4 {[%clk 0:04:07]} Rd5 {[%clk 0:02:50]} 36.
Ke3 {[%clk 0:03:27]} Rd4 {[%clk 0:01:52]} 37. Rc5 {[%clk 0:02:14]} Re4+ {[%clk
0:01:52]} 38. Kf3 {[%clk 0:02:25]} a4 {[%clk 0:01:59]} 39. Rb5 {[%clk 0:01:05]}
axb3 {[%clk 0:02:01]} 40. axb3 {[%clk 0:01:25]} Ke7 {[%clk 0:01:16]} 41. Rb6
{[%clk 0:28:36]} Rg4 {[%clk 0:31:00]} 42. e3 {[%clk 0:25:30]} Kd7 {[%clk
0:29:16]} 43. b4 {[%clk 0:23:25]} Kc7 {[%clk 0:18:46]} 44. Rf6 {[%clk 0:20:45]}
Kd7 {[%clk 0:12:33]} 45. b5 {[%clk 0:19:44]} Ke7 {[%clk 0:10:27]} 46. Rb6
{[%clk 0:17:59]} Kd7 {[%clk 0:09:15]} 47. Rb8 {[%clk 0:17:08]} f4 {[%clk
0:04:46]} 48. gxf4 {[%clk 0:09:37]} exf4 {[%clk 0:04:57]} 49. exf4 {[%clk
0:09:44]} Rxh4 {[%clk 0:05:00]} 50. Rg8 {[%clk 0:08:18]} Rg4 {[%clk 0:04:29]}
51. Rg7+ {[%clk 0:07:50]} Kc8 {[%clk 0:04:31]} 52. b6 {[%clk 0:07:05]} Kb8
{[%clk 0:04:18]} 53. Rf7 {[%clk 0:02:18]} Rg1 {[%clk 0:02:08]} 54. Rg7 {[%clk
0:01:01]} Rf1+ {[%clk 0:01:54]} 55. Ke4 {[%clk 0:01:17]} Rg1 {[%clk 0:01:51]}
56. Kd5 {[%clk 0:00:51]} h4 {[%clk 0:01:58]} 57. Kc6 {[%clk 0:01:41]} Rc1+
{[%clk 0:02:49]} 58. Kd5 {[%clk 0:00:58]} h3 {[%clk 0:02:43]} 59. Rh7 {[%clk
0:01:14]} Rc3 {[%clk 0:01:40]} 60. Kd4 {[%clk 0:00:45]} Ra3 {[%clk 0:01:45]}
61. Ke5 {[%clk 0:00:41]} Ra5+ {[%clk 0:01:50]} 62. Ke4 {[%clk 0:00:45]} Ra3
{[%clk 0:01:05]} 63. Ke5 {[%clk 0:00:47]} Rb3 {[%clk 0:00:57]} 64. Ke4 {[%clk
0:00:33]} Ra3 {[%clk 0:01:00]} 1/2-1/2

[Event "DEM U16w 2021"]
[Site "Willingen GER"]
[Date "2021.08.25"]
[Round "4"]
[White "Jacobasch, Ronja"]
[Black "Albayrak, Nese Pinar"]
[Result "0-1"]
[Termination "normal"]
[Board "9"]
[WhiteElo "1421"]
[BlackElo "1546"]
[WhiteClock "00:01:28"]
[BlackClock "00:05:21"]
[PlyCount "76"]
[WhiteFideId "34604340"]
[BlackFideId "16255259"]
[EventCountry "GER"]
[EventRounds "9"]
[EventType "swiss"]
[EventDate "2021.08.22"]

1. Nf3 {[%clk 1:30:58]} Nf6 {[%clk 1:30:54]} 2. g3 {[%clk 1:31:21]} d5 {[%clk
1:31:17]} 3. Bg2 {[%clk 1:31:42]} c5 {[%clk 1:31:42]} 4. O-O {[%clk 1:31:43]}
Nc6 {[%clk 1:31:58]} 5. d3 {[%clk 1:31:37]} e5 {[%clk 1:31:23]} 6. Nc3 {[%clk
1:24:02]} Be7 {[%clk 1:28:10]} 7. e4 {[%clk 1:21:35]} d4 {[%clk 1:27:09]} 8.
Ne2 {[%clk 1:20:43]} O-O {[%clk 1:24:06]} 9. h3 {[%clk 1:17:07]} h6 {[%clk
1:20:40]} 10. Nh2 {[%clk 1:10:24]} Bd7 {[%clk 1:03:06]} 11. f4 {[%clk 1:01:17]}
Qc7 {[%clk 1:00:25]} 12. f5 {[%clk 0:55:55]} b5 {[%clk 0:58:24]} 13. g4 {[%clk
0:46:07]} Nh7 {[%clk 0:52:58]} 14. Ng3 {[%clk 0:37:56]} c4 {[%clk 0:49:12]} 15.
a4 {[%clk 0:27:30]} cxd3 {[%clk 0:41:29]} 16. axb5 {[%clk 0:23:56]} Nb4 {[%clk
0:41:00]} 17. c3 {[%clk 0:18:45]} dxc3 {[%clk 0:35:53]} 18. bxc3 {[%clk
0:17:14]} Nc2 {[%clk 0:34:26]} 19. Ra2 {[%clk 0:12:27]} Qxc3 {[%clk 0:32:16]}
20. Rf3 {[%clk 0:09:10]} Bxb5 {[%clk 0:29:53]} 21. Ngf1 {[%clk 0:04:05]} Rfd8
{[%clk 0:26:32]} 22. Ne3 {[%clk 0:02:12]} Nxe3 {[%clk 0:10:00]} 23. Bxe3 {[%clk
0:02:38]} Ng5 {[%clk 0:10:08]} 24. Rff2 {[%clk 0:02:10]} Bc5 {[%clk 0:06:43]}
25. Bxc5 {[%clk 0:01:38]} Qxc5 {[%clk 0:07:11]} 26. Qd2 {[%clk 0:01:52]} Rac8
{[%clk 0:05:30]} 27. Ra1 {[%clk 0:01:25]} Qd4 {[%clk 0:05:40]} 28. Re1 {[%clk
0:01:19]} Rc2 {[%clk 0:05:41]} 29. Qe3 {[%clk 0:01:25]} Qxe3 30. Rxe3 Rxf2
{[%clk 0:04:04]} 31. Kxf2 {[%clk 0:02:22]} d2 {[%clk 0:04:25]} 32. Bf3 {[%clk
0:01:15]} Nxf3 {[%clk 0:04:43]} 33. Nxf3 {[%clk 0:01:44]} d1=Q {[%clk 0:05:04]}
34. Re1 {[%clk 0:01:10]} Qc2+ 35. Re2 {[%clk 0:01:38]} Qxe2+ {[%clk 0:04:57]}
36. Kg3 {[%clk 0:02:02]} Rd3 {[%clk 0:05:19]} 37. Kh4 {[%clk 0:01:51]} Qxf3
{[%clk 0:05:21]} 38. g5 {[%clk 0:01:28]} Qxh3# 0-1

[Event "DEM U16w 2021"]
[Site "Willingen GER"]
[Date "2021.08.25"]
[Round "4"]
[White "Margaryan, Susanna"]
[Black "Schneider, Anna"]
[Result "1/2-1/2"]
[Termination "normal"]
[Board "10"]
[WhiteElo "1494"]
[BlackElo "1686"]
[WhiteClock "00:35:20"]
[BlackClock "00:27:43"]
[PlyCount "118"]
[WhiteFideId "16268210"]
[BlackFideId "16200527"]
[EventCountry "GER"]
[EventRounds "9"]
[EventType "swiss"]
[EventDate "2021.08.22"]

1. d4 {[%clk 1:30:53]} d5 {[%clk 1:30:54]} 2. Bf4 {[%clk 1:31:12]} e6 {[%clk
1:31:05]} 3. e3 {[%clk 1:31:22]} c5 {[%clk 1:31:07]} 4. c3 {[%clk 1:31:13]} Nf6
{[%clk 1:28:43]} 5. Bd3 {[%clk 1:27:56]} Bd6 {[%clk 1:26:04]} 6. Bxd6 {[%clk
1:27:45]} Qxd6 {[%clk 1:26:27]} 7. Nf3 {[%clk 1:27:45]} Nc6 {[%clk 1:25:41]} 8.
Nbd2 {[%clk 1:26:35]} O-O {[%clk 1:24:51]} 9. O-O {[%clk 1:25:39]} e5 {[%clk
1:23:59]} 10. dxe5 {[%clk 1:19:24]} Nxe5 {[%clk 1:24:14]} 11. Nxe5 {[%clk
1:19:12]} Qxe5 {[%clk 1:24:34]} 12. Nf3 {[%clk 1:17:50]} Qh5 {[%clk 1:22:24]}
13. Be2 {[%clk 0:59:17]} Re8 {[%clk 1:09:57]} 14. Re1 {[%clk 0:51:37]} Bd7
{[%clk 1:00:32]} 15. Nd2 {[%clk 0:45:58]} Qg6 {[%clk 0:59:22]} 16. Bf3 {[%clk
0:44:03]} Rad8 {[%clk 0:50:19]} 17. Qb3 {[%clk 0:37:36]} b6 {[%clk 0:46:45]}
18. a4 {[%clk 0:28:26]} Ne4 {[%clk 0:37:17]} 19. Nxe4 {[%clk 0:24:13]} dxe4
{[%clk 0:37:16]} 20. Be2 {[%clk 0:24:26]} Bh3 {[%clk 0:37:02]} 21. Bf1 {[%clk
0:24:35]} Re5 {[%clk 0:31:47]} 22. Rad1 {[%clk 0:21:29]} Rde8 {[%clk 0:31:09]}
23. Rd5 {[%clk 0:20:24]} h5 {[%clk 0:29:57]} 24. Rxe5 {[%clk 0:20:02]} Rxe5
{[%clk 0:30:20]} 25. g3 {[%clk 0:19:19]} Bxf1 {[%clk 0:28:46]} 26. Kxf1 {[%clk
0:18:54]} Qg4 {[%clk 0:27:25]} 27. Qd1 {[%clk 0:17:00]} Qh3+ {[%clk 0:24:32]}
28. Kg1 {[%clk 0:16:27]} f6 {[%clk 0:22:06]} 29. Qd8+ {[%clk 0:14:02]} Kh7
{[%clk 0:22:24]} 30. Rd1 {[%clk 0:12:26]} h4 {[%clk 0:20:00]} 31. Qd7 {[%clk
0:12:10]} Rf5 {[%clk 0:16:45]} 32. Rd5 {[%clk 0:11:22]} Kg6 {[%clk 0:15:28]}
33. Qe8+ {[%clk 0:11:09]} Kh6 {[%clk 0:13:08]} 34. Qxe4 {[%clk 0:09:05]} Rxd5
{[%clk 0:10:22]} 35. Qxd5 {[%clk 0:09:17]} hxg3 {[%clk 0:10:16]} 36. hxg3
{[%clk 0:09:32]} Qg4 {[%clk 0:10:29]} 37. b3 {[%clk 0:09:29]} Qe2 {[%clk
0:10:32]} 38. Qh1+ {[%clk 0:08:56]} Kg6 {[%clk 0:09:35]} 39. Qe4+ {[%clk
0:08:46]} Kh6 {[%clk 0:09:23]} 40. Qb1 {[%clk 0:08:36]} c4 {[%clk 0:08:00]} 41.
bxc4 {[%clk 0:07:49]} Qxc4 {[%clk 0:08:22]} 42. Qb4 {[%clk 0:07:50]} Qd3 {[%clk
0:07:06]} 43. Kg2 {[%clk 0:07:32]} Kg6 {[%clk 0:06:10]} 44. Qd4 {[%clk
0:07:16]} Qa6 {[%clk 0:05:23]} 45. Qe4+ {[%clk 0:07:03]} Kf7 {[%clk 0:05:29]}
46. g4 {[%clk 0:06:42]} Qa5 {[%clk 0:05:10]} 47. Qb4 {[%clk 0:05:20]} Qxb4
{[%clk 0:29:38]} 48. cxb4 {[%clk 0:35:43]} Ke6 {[%clk 0:30:04]} 49. Kf3 {[%clk
0:33:52]} Kd5 {[%clk 0:30:24]} 50. Kf4 {[%clk 0:33:45]} Kc4 {[%clk 0:30:42]}
51. Kf5 {[%clk 0:33:54]} Kxb4 {[%clk 0:30:58]} 52. Kg6 {[%clk 0:34:07]} Kxa4
{[%clk 0:31:22]} 53. Kxg7 {[%clk 0:34:11]} b5 {[%clk 0:31:44]} 54. Kxf6 {[%clk
0:34:20]} b4 {[%clk 0:31:41]} 55. g5 {[%clk 0:34:22]} b3 {[%clk 0:28:22]} 56.
g6 {[%clk 0:34:39]} b2 {[%clk 0:28:47]} 57. g7 {[%clk 0:35:03]} b1=Q {[%clk
0:28:58]} 58. g8=Q {[%clk 0:35:24]} Qb2+ {[%clk 0:29:13]} 59. Ke7 {[%clk
0:35:20]} Qxf2 {[%clk 0:27:43]} 1/2-1/2

[Event "DEM U16w 2021"]
[Site "Willingen GER"]
[Date "2021.08.25"]
[Round "4"]
[White "Krause, Ricarda Sophie"]
[Black "Derling, Charlotte"]
[Result "0-1"]
[Termination "normal"]
[Board "11"]
[WhiteElo "1474"]
[BlackElo "1432"]
[WhiteClock "00:25:26"]
[BlackClock "00:33:13"]
[PlyCount "92"]
[WhiteFideId "16282930"]
[BlackFideId "16222237"]
[EventCountry "GER"]
[EventRounds "9"]
[EventType "swiss"]
[EventDate "2021.08.22"]

1. e4 {[%clk 1:30:58]} c5 {[%clk 1:30:53]} 2. Nf3 {[%clk 1:31:22]} d6 {[%clk
1:31:17]} 3. d4 {[%clk 1:31:39]} cxd4 {[%clk 1:31:38]} 4. Nxd4 Nf6 {[%clk
1:31:58]} 5. Nc3 {[%clk 1:32:04]} g6 {[%clk 1:32:12]} 6. Be3 {[%clk 1:31:26]}
Bg7 {[%clk 1:32:29]} 7. f3 {[%clk 1:31:07]} Nc6 {[%clk 1:31:59]} 8. Qd2 {[%clk
1:28:37]} O-O {[%clk 1:31:40]} 9. Bc4 {[%clk 1:27:37]} Bd7 {[%clk 1:31:37]} 10.
O-O-O {[%clk 1:26:10]} Rc8 {[%clk 1:31:32]} 11. Bb3 {[%clk 1:24:20]} Nxd4
{[%clk 1:29:14]} 12. Bxd4 {[%clk 1:19:27]} b5 {[%clk 1:26:32]} 13. h4 {[%clk
0:45:48]} a5 {[%clk 1:23:52]} 14. a4 {[%clk 0:37:56]} b4 {[%clk 1:21:57]} 15.
Ne2 {[%clk 0:36:36]} Qe8 {[%clk 1:17:43]} 16. h5 {[%clk 0:29:08]} Bxa4 {[%clk
1:14:26]} 17. Bxa4 {[%clk 0:28:48]} Qxa4 {[%clk 1:14:02]} 18. Kb1 {[%clk
0:28:06]} b3 {[%clk 1:08:31]} 19. Nc3 {[%clk 0:23:50]} bxc2+ {[%clk 0:41:55]}
20. Qxc2 {[%clk 0:22:58]} Qxc2+ {[%clk 0:41:36]} 21. Kxc2 {[%clk 0:23:20]} Nxh5
{[%clk 0:41:52]} 22. Bxg7 {[%clk 0:21:13]} Kxg7 {[%clk 0:41:27]} 23. Ra1 {[%clk
0:18:14]} Rc5 {[%clk 0:39:28]} 24. Ra4 {[%clk 0:15:11]} Nf4 {[%clk 0:32:33]}
25. Rha1 {[%clk 0:12:23]} Nxg2 {[%clk 0:26:50]} 26. Rxa5 {[%clk 0:11:01]} Rfc8
{[%clk 0:24:12]} 27. Kd2 {[%clk 0:09:12]} h5 {[%clk 0:16:01]} 28. Rxc5 {[%clk
0:08:38]} dxc5 {[%clk 0:14:45]} 29. Nd5 {[%clk 0:07:18]} e6 {[%clk 0:13:55]}
30. Ne3 {[%clk 0:07:13]} Nxe3 {[%clk 0:13:19]} 31. Kxe3 {[%clk 0:07:40]} Rb8
{[%clk 0:10:23]} 32. Rc1 {[%clk 0:07:43]} Rxb2 {[%clk 0:09:43]} 33. Rxc5 {[%clk
0:07:52]} Rb8 {[%clk 0:08:03]} 34. Kf2 {[%clk 0:07:04]} Rf8 {[%clk 0:06:17]}
35. Kg3 {[%clk 0:06:44]} f5 {[%clk 0:06:02]} 36. exf5 {[%clk 0:05:48]} Rxf5
{[%clk 0:06:21]} 37. Rxf5 {[%clk 0:05:54]} exf5 {[%clk 0:06:14]} 38. Kh3 {[%clk
0:04:41]} g5 {[%clk 0:06:04]} 39. Kg3 {[%clk 0:04:25]} Kf6 {[%clk 0:04:05]} 40.
Kh3 {[%clk 0:03:28]} Ke5 {[%clk 0:04:01]} 41. Kg3 {[%clk 0:03:31]} h4+ {[%clk
0:03:57]} 42. Kh3 {[%clk 0:01:40]} Kf4 {[%clk 0:02:39]} 43. Kg2 {[%clk
0:28:53]} Ke3 {[%clk 0:32:40]} 44. Kg1 {[%clk 0:26:34]} Kxf3 {[%clk 0:32:55]}
45. Kh1 {[%clk 0:25:29]} Ke2 {[%clk 0:33:09]} 46. Kh2 {[%clk 0:25:26]} f4
{[%clk 0:33:13]} 0-1

[Event "DEM U16w 2021"]
[Site "Willingen GER"]
[Date "2021.08.26"]
[Round "5"]
[White "Reuter, Elisa"]
[Black "Dietz, Kristin"]
[Result "1/2-1/2"]
[Termination "normal"]
[Board "1"]
[WhiteTitle "WCM"]
[WhiteElo "1845"]
[BlackElo "1933"]
[WhiteClock "00:25:39"]
[BlackClock "00:34:54"]
[PlyCount "148"]
[WhiteFideId "12995444"]
[BlackFideId "12993743"]
[EventCountry "GER"]
[EventRounds "9"]
[EventType "swiss"]
[EventDate "2021.08.22"]

1. e4 {[%clk 1:30:58]} c5 {[%clk 1:30:54]} 2. Nf3 {[%clk 1:31:26]} e6 {[%clk
1:31:17]} 3. d4 {[%clk 1:31:53]} cxd4 {[%clk 1:31:42]} 4. Nxd4 {[%clk 1:32:19]}
a6 {[%clk 1:32:05]} 5. Bd3 {[%clk 1:32:44]} g6 {[%clk 1:32:28]} 6. c4 {[%clk
1:32:35]} Bg7 {[%clk 1:32:53]} 7. Be3 {[%clk 1:32:48]} Ne7 {[%clk 1:33:12]} 8.
Nc3 {[%clk 1:32:54]} O-O {[%clk 1:32:10]} 9. O-O {[%clk 1:33:11]} Nbc6 {[%clk
1:32:34]} 10. Nxc6 {[%clk 1:32:11]} bxc6 {[%clk 1:25:20]} 11. f4 {[%clk
1:25:56]} d5 12. Bc5 {[%clk 1:19:44]} Qc7 {[%clk 1:15:51]} 13. Kh1 {[%clk
1:15:34]} Rd8 {[%clk 1:15:56]} 14. Qc2 {[%clk 1:14:44]} d4 {[%clk 1:13:27]} 15.
Na4 {[%clk 1:09:29]} Rb8 {[%clk 1:12:47]} 16. e5 {[%clk 1:09:26]} Nf5 {[%clk
1:07:09]} 17. Bxf5 {[%clk 1:09:11]} exf5 {[%clk 1:07:34]} 18. Bd6 {[%clk
1:04:20]} Rxd6 {[%clk 1:07:59]} 19. exd6 {[%clk 1:04:46]} Qxd6 {[%clk 1:08:26]}
20. Rad1 {[%clk 0:59:31]} c5 {[%clk 1:07:58]} 21. b3 {[%clk 0:59:27]} Bb7
{[%clk 1:07:35]} 22. Nb2 {[%clk 0:58:08]} Be4 {[%clk 1:07:02]} 23. Nd3 {[%clk
0:58:03]} a5 {[%clk 1:04:30]} 24. Qe2 {[%clk 0:54:47]} Qc6 {[%clk 1:03:58]} 25.
Rf2 {[%clk 0:53:23]} Bf8 {[%clk 0:59:42]} 26. Nb2 {[%clk 0:48:35]} Re8 {[%clk
0:55:25]} 27. Qd2 {[%clk 0:47:44]} Qb6 {[%clk 0:55:25]} 28. Na4 {[%clk
0:45:43]} Qc7 {[%clk 0:53:18]} 29. Nb2 {[%clk 0:45:44]} f6 {[%clk 0:51:19]} 30.
Kg1 {[%clk 0:38:31]} Bd6 {[%clk 0:50:13]} 31. Kh1 {[%clk 0:35:09]} h6 {[%clk
0:48:51]} 32. Rdf1 Kh7 {[%clk 0:40:53]} 33. Nd3 {[%clk 0:29:31]} Qa7 {[%clk
0:39:18]} 34. Nb2 {[%clk 0:28:17]} Bb8 {[%clk 0:39:27]} 35. Kg1 {[%clk
0:28:28]} Qc7 {[%clk 0:39:25]} 36. g3 {[%clk 0:24:39]} h5 {[%clk 0:37:54]} 37.
Nd3 {[%clk 0:24:04]} Kg7 {[%clk 0:35:38]} 38. Ne1 {[%clk 0:24:02]} Qd8 {[%clk
0:32:25]} 39. Nf3 {[%clk 0:21:29]} Kh7 {[%clk 0:31:02]} 40. Qd1 {[%clk
0:18:37]} Rg8 {[%clk 0:26:44]} 41. Nd2 {[%clk 0:18:25]} Kh6 {[%clk 0:18:10]}
42. Re1 {[%clk 0:17:30]} Re8 {[%clk 0:18:07]} 43. Rfe2 {[%clk 0:10:07]} d3
{[%clk 0:15:05]} 44. Re3 {[%clk 0:09:17]} Qd4 {[%clk 0:15:22]} 45. Qa1 {[%clk
0:09:33]} Qxa1 {[%clk 0:14:32]} 46. Rxa1 {[%clk 0:09:59]} g5 {[%clk 0:14:44]}
47. fxg5+ {[%clk 0:06:50]} Kxg5 {[%clk 0:14:45]} 48. Rae1 {[%clk 0:05:50]} Be5
{[%clk 0:13:08]} 49. Nxe4+ {[%clk 0:06:10]} fxe4 {[%clk 0:13:35]} 50. Rxe4
{[%clk 0:06:21]} d2 {[%clk 0:14:00]} 51. Rd1 {[%clk 0:06:05]} Bd4+ {[%clk
0:13:55]} 52. Rxd4 {[%clk 0:06:09]} Re1+ {[%clk 0:12:45]} 53. Kf2 {[%clk
0:06:21]} Rxd1 {[%clk 0:13:02]} 54. Rd5+ {[%clk 0:06:18]} Kg4 {[%clk 0:13:00]}
55. Kg2 {[%clk 0:02:43]} f5 {[%clk 0:13:20]} 56. h4 {[%clk 0:02:19]} Re1 {[%clk
0:12:16]} 57. Rxd2 {[%clk 0:02:26]} Re3 {[%clk 0:12:38]} 58. Rd5 {[%clk
0:00:59]} Rxg3+ {[%clk 0:13:01]} 59. Kf1 {[%clk 0:27:15]} a4 {[%clk 0:41:36]}
60. bxa4 {[%clk 0:25:45]} Ra3 {[%clk 0:42:01]} 61. Rxc5 {[%clk 0:26:07]} Rxa4
{[%clk 0:42:25]} 62. Rc8 {[%clk 0:26:18]} Rxa2 {[%clk 0:42:47]} 63. c5 {[%clk
0:26:21]} Kxh4 {[%clk 0:37:37]} 64. c6 {[%clk 0:26:39]} Kg3 {[%clk 0:37:02]}
65. c7 {[%clk 0:26:20]} Kf3 {[%clk 0:37:28]} 66. Kg1 {[%clk 0:25:25]} Rc2
{[%clk 0:37:01]} 67. Rf8 {[%clk 0:25:40]} Rxc7 {[%clk 0:37:27]} 68. Rxf5+
{[%clk 0:26:06]} Kg4 {[%clk 0:37:52]} 69. Ra5 {[%clk 0:25:43]} Rc3 {[%clk
0:36:37]} 70. Kg2 {[%clk 0:24:49]} Rc4 {[%clk 0:35:17]} 71. Ra8 {[%clk
0:24:41]} Rc2+ {[%clk 0:35:10]} 72. Kg1 {[%clk 0:24:56]} h4 {[%clk 0:34:38]}
73. Ra4+ {[%clk 0:25:14]} Kg3 {[%clk 0:34:56]} 74. Ra3+ {[%clk 0:25:39]} Kg4
{[%clk 0:34:54]} 1/2-1/2

[Event "DEM U16w 2021"]
[Site "Willingen GER"]
[Date "2021.08.26"]
[Round "5"]
[White "Yue, Qizhou"]
[Black "Heutling, Elina"]
[Result "1-0"]
[Termination "normal"]
[Board "2"]
[WhiteElo "1798"]
[BlackElo "1919"]
[WhiteClock "00:06:24"]
[BlackClock "00:01:55"]
[PlyCount "149"]
[WhiteFideId "16273800"]
[BlackFideId "16244729"]
[EventCountry "GER"]
[EventRounds "9"]
[EventType "swiss"]
[EventDate "2021.08.22"]

1. e4 d5 2. exd5 Qxd5 3. Nc3 Qd8 4. d4 Nf6 5. Nf3 g6 6. Bc4 Bg7 7. h3 a6 8. Bf4
b5 9. Bb3 O-O 10. Qe2 Bb7 11. Rd1 Nbd7 12. O-O Nb6 13. Rfe1 e6 14. Bg5 Qe8 15.
a3 Nbd5 16. Bxd5 Nxd5 17. Ne4 h6 18. Bc1 Nb6 19. Nc5 Bd5 20. Ne5 Qe7 21. b3 Kh7
22. Ncd3 Nd7 23. Nf4 Bb7 24. Nf3 Qd6 25. Ne5 Nxe5 26. dxe5 Qc6 27. f3 Rad8 28.
Nd3 a5 29. Bb2 b4 30. axb4 axb4 31. Kh1 Ba6 32. Rc1 Qb6 33. Qe4 c5 34. Qe3 Rc8
35. Red1 Qb5 36. c4 bxc3 37. Rxc3 Rfd8 38. Ba3 Qa5 39. Bb2 c4 40. bxc4 Rxc4 41.
Rxc4 Bxc4 42. Nf2 Rxd1+ 43. Nxd1 Qa2 44. Qd4 Qb1 45. Kh2 Bb3 46. Ne3 h5 47. Ba3
Qe1 48. Be7 Bh6 49. f4 h4 50. Bg5 Qg3+ 51. Kg1 Bg7 52. Qd2 Ba4 53. Qf2 Qxf2+
54. Kxf2 Bh6 55. Kf3 Bxg5 56. fxg5 Kg7 57. Kg4 Bc6 58. Kxh4 Bb5 59. Kg4 Bd3 60.
Kf4 Kf8 61. g4 Ke7 62. h4 Be2 63. Ke4 Kd7 64. Kf4 Ke7 65. Kg3 Kf8 66. Kf2 Bb5
67. h5 Kg7 68. h6+ Kg8 69. Ke1 Ba6 70. Kd2 Bb5 71. Kc3 Kh7 72. Kb4 Bd3 73. Kc5
Bb1 74. Kd6 Ba2 75. Ke7 Kg8 76. Nc2 Bd5 77. Nd4 Ba2 78. h7+ Kxh7 79. Kxf7 Bc4
80. Nxe6 Bd5 81. Kf6 Kg8 82. Nf4 1-0